[Event "36th Teams Ch-GR"]
[Site "Kallithea Halkidiki"]
[Date "2008.07.09"]
[Round "6.7"]
[White "Nearhou, Anastasios"]
[Black "Sperdokli, Elli"]
[Result "0-1"]
[WhiteElo "1946"]
[BlackElo "2129"]
[PlyCount "46"]
[EventDate "2008.07.06"]
[WhiteTeam "SO KALLITHEAS"]
[BlackTeam "EES KORYDALLOU"]

1. d4 f5 2. c3 Nf6 3. g3 g6 4. Bg2 Bg7 5. Qb3 c6 6. Nd2 d5 7. Ndf3 Nbd7 8. Nh3
Ne4 9. Nfg5 Nxg5 10. Nxg5 Nf6 11. O-O O-O 12. e4 fxe4 13. Nxe4 Nxe4 14. Bxe4
Bg4 15. f4 Be2 16. Re1 Bc4 17. Qxb7 dxe4 18. Rxe4 Bf6 19. b3 Bd5 20. Re1 c5 21.
Qb5 cxd4 22. c4 Bf3 23. Bb2 d3 0-1

[Event "36th Teams Ch-GR"]
[Site "Kallithea Halkidiki"]
[Date "2008.07.09"]
[Round "6.7"]
[White "Sismanis, Aggelos"]
[Black "Pappas, Stergios"]
[Result "1-0"]
[WhiteElo "2191"]
[BlackElo "1914"]
[PlyCount "65"]
[EventDate "2008.07.06"]
[WhiteTeam "EES KORYDALLOU"]
[BlackTeam "SO KALLITHEAS"]

1. d4 d5 2. Nf3 e6 3. g3 Nf6 4. Bg2 c5 5. O-O Nc6 6. c4 dxc4 7. Qa4 Be7 8. Ne5
O-O 9. Nxc6 bxc6 10. dxc5 Qd4 11. Rd1 Qxc5 12. Be3 Qb4 13. Qxb4 Bxb4 14. Bxc6
Ba6 15. Bxa8 Rxa8 16. Nc3 Bb7 17. Bd4 a6 18. f3 Kf8 19. Na4 Nd5 20. Nb6 Nxb6
21. Bxb6 Ke7 22. Rd4 Rc8 23. Rad1 Ba8 24. a3 Bc5 25. Bxc5+ Rxc5 26. Rc1 Rb5 27.
Rc2 Bd5 28. e4 Bc6 29. Rcxc4 Rb6 30. Rb4 Rxb4 31. Rxb4 Bb5 32. Kf2 Kd6 33. a4
1-0

[Event "36th Teams Ch-GR"]
[Site "Kallithea Halkidiki"]
[Date "2008.07.09"]
[Round "6.8"]
[White "Tzermiadianos, Andreas"]
[Black "Tsekouras, Theodoros"]
[Result "1-0"]
[WhiteElo "2455"]
[BlackElo "2204"]
[PlyCount "63"]
[EventDate "2008.07.06"]
[WhiteTeam "PS PERISTERIOU"]
[BlackTeam "NO KALAMATAS O POSEIDON"]

1. e4 e5 2. Nf3 Nc6 3. Bc4 Bc5 4. c3 Nf6 5. d3 a6 6. Bb3 Ba7 7. O-O d6 8. Nbd2
O-O 9. Nc4 Ne7 10. h3 Ng6 11. Be3 Re8 12. Bxa7 Rxa7 13. Re1 b5 14. Ne3 c6 15.
a4 Qb6 16. axb5 axb5 17. Rxa7 Qxa7 18. Ng5 Re7 19. Qa1 Qb7 20. Qa5 d5 21. exd5
cxd5 22. Nxd5 Rd7 23. Nxf6+ gxf6 24. Ne4 Qc6 25. c4 Ba6 26. cxb5 Bxb5 27. Nxf6+
Qxf6 28. Qxb5 Rd4 29. g3 Qf3 30. Re3 Qf5 31. Kg2 h5 32. Rf3 1-0

[Event "36th Teams Ch-GR"]
[Site "Kallithea Halkidiki"]
[Date "2008.07.09"]
[Round "6.8"]
[White "Kiriakopoulos, Antonios"]
[Black "Mihailidis, Anastacios"]
[Result "0-1"]
[WhiteElo "2055"]
[BlackElo "2265"]
[PlyCount "78"]
[EventDate "2008.07.06"]
[WhiteTeam "NO KALAMATAS O POSEIDON"]
[BlackTeam "PS PERISTERIOU"]

1. e4 e5 2. Nf3 Nc6 3. Bb5 g6 4. d4 exd4 5. Nxd4 Bg7 6. Nxc6 bxc6 7. Bc4 Ne7 8.
Nc3 Bb7 9. O-O d5 10. Bb3 O-O 11. Bg5 f6 12. Be3 f5 13. Bd4 fxe4 14. Nxe4 Nf5
15. Bxg7 Kxg7 16. Nc5 Bc8 17. Qd2 Qf6 18. Qf4 Qd6 19. Qb4 Nh6 20. Qd4+ Kg8 21.
Nd3 Ba6 22. c4 Nf5 23. Qc3 Rae8 24. Rfe1 Nh6 25. c5 Qd8 26. Rxe8 Qxe8 27. Re1
Qf7 28. f3 Bxd3 29. Qxd3 Re8 30. Rxe8+ Qxe8 31. Kf2 Qe5 32. Qe2 Qd4+ 33. Kf1
Qf4 34. g3 Qc1+ 35. Kg2 Nf5 36. Ba4 Ne3+ 37. Kh3 Qxc5 38. Bxc6 d4 39. g4 Qxc6
0-1

[Event "36th Teams Ch-GR"]
[Site "Kallithea Halkidiki"]
[Date "2008.07.09"]
[Round "6.9"]
[White "Zubarev, Alexander"]
[Black "Vazouras, Theodoros"]
[Result "1-0"]
[WhiteElo "2517"]
[BlackElo "1912"]
[PlyCount "43"]
[EventDate "2008.07.06"]
[WhiteTeam "OAA HERAKLIO"]
[BlackTeam "SO IKARIAS I. TZELEPIS"]

1. e4 c6 2. d4 d5 3. exd5 cxd5 4. c4 Nf6 5. Nc3 g6 6. cxd5 Nxd5 7. Bc4 Nxc3 8.
Qb3 e6 9. bxc3 Nc6 10. Nf3 Bd7 11. Bd3 h6 12. O-O Be7 13. Re1 Kf8 14. Qxb7 Rb8
15. Qa6 Rb6 16. Qa4 Ne5 17. Qd1 Nxd3 18. Qxd3 Bb5 19. c4 Ba6 20. Ba3 Bxa3 21.
Qxa3+ Kg7 22. c5 1-0

[Event "36th Teams Ch-GR"]
[Site "Kallithea Halkidiki"]
[Date "2008.07.09"]
[Round "6.9"]
[White "Kapagiannidis, Dimitrios"]
[Black "Ris, Robert"]
[Result "0-1"]
[WhiteElo "1909"]
[BlackElo "2415"]
[PlyCount "56"]
[EventDate "2008.07.06"]
[WhiteTeam "SO IKARIAS I. TZELEPIS"]
[BlackTeam "OAA HERAKLIO"]

1. e4 e5 2. Nf3 Nc6 3. Bc4 Be7 4. Nc3 Nf6 5. d3 d6 6. h3 Na5 7. Bb3 c6 8. O-O
O-O 9. Ne2 Nxb3 10. axb3 Re8 11. Ng3 Bf8 12. Nd2 g6 13. f4 exf4 14. Rxf4 d5 15.
exd5 Nxd5 16. Re4 Be6 17. Nf3 Qd6 18. Ne2 Bf5 19. Rxe8 Rxe8 20. Ned4 Bxh3 21.
gxh3 Qg3+ 22. Kh1 c5 23. Nb5 a6 24. Nc3 Qxh3+ 25. Kg1 Qg3+ 26. Kh1 Ne3 27. Qe2
Nxc2 28. Qxc2 Qxf3+ 0-1

[Event "36th Teams Ch-GR"]
[Site "Kallithea Halkidiki"]
[Date "2008.07.09"]
[Round "6.9"]
[White "Mastrokoukos, Georgios"]
[Black "Athanasiou, Georgios"]
[Result "0-1"]
[WhiteElo "2325"]
[BlackElo "1884"]
[PlyCount "76"]
[EventDate "2008.07.06"]
[WhiteTeam "OAA HERAKLIO"]
[BlackTeam "SO IKARIAS I. TZELEPIS"]

1. d4 Nf6 2. Nf3 g6 3. c4 Bg7 4. g3 O-O 5. Bg2 c5 6. Nc3 cxd4 7. Nxd4 Nc6 8.
Nc2 d6 9. O-O Bd7 10. b3 Qc8 11. Bb2 Bh3 12. Ne3 Bxg2 13. Kxg2 Rd8 14. Qc2 Nb4
15. Qd2 Qc6+ 16. Ncd5 Nbxd5 17. cxd5 Qb5 18. Bxf6 Bxf6 19. Rac1 Rac8 20. Nc4
Rc5 21. e4 Rdc8 22. Rc2 Qd7 23. Rfc1 Qc7 24. b4 Rxc4 25. Rxc4 Qxc4 26. Rxc4
Rxc4 27. a3 b5 28. Qe3 Bd4 29. Qd3 a6 30. f4 Bg7 31. e5 dxe5 32. fxe5 Bxe5 33.
Qe3 Bd6 34. Qb6 Rc2+ 35. Kf1 Rd2 36. Qxa6 Ra2 37. Qxb5 Rxa3 38. Qc4 Ra1+ 0-1

[Event "36th Teams Ch-GR"]
[Site "Kallithea Halkidiki"]
[Date "2008.07.09"]
[Round "6.10"]
[White "Skalkotas, Nikolaos"]
[Black "Zalahoras, Nikolaos"]
[Result "1/2-1/2"]
[WhiteElo "2273"]
[BlackElo "2181"]
[PlyCount "34"]
[EventDate "2008.07.06"]
[WhiteTeam "SO ILIOUPOLIS"]
[BlackTeam "PANATHLITIKOS SF SYKEON"]

1. Nf3 Nf6 2. c4 g6 3. g3 Bg7 4. Bg2 O-O 5. O-O c6 6. d4 d5 7. cxd5 cxd5 8. Ne5
e6 9. Nc3 Nfd7 10. f4 f5 11. Be3 Nb6 12. Qd3 Bd7 13. a4 a5 14. Nb5 Na6 15. Bd2
Nb8 16. Rfc1 Nc6 17. b3 Bf6 1/2-1/2

[Event "36th Teams Ch-GR"]
[Site "Kallithea Halkidiki"]
[Date "2008.07.09"]
[Round "6.10"]
[White "Grapsa, Georgia"]
[Black "Gogolis, Alexandros"]
[Result "1/2-1/2"]
[WhiteElo "2104"]
[BlackElo "2283"]
[PlyCount "60"]
[EventDate "2008.07.06"]
[WhiteTeam "PANATHLITIKOS SF SYKEON"]
[BlackTeam "SO ILIOUPOLIS"]

1. d4 d5 2. Nf3 Nf6 3. c4 c6 4. g3 Bf5 5. Bg2 e6 6. O-O Be7 7. Nc3 Nbd7 8. Nh4
Bg6 9. Nxg6 hxg6 10. e4 dxe4 11. Nxe4 Nxe4 12. Bxe4 Nf6 13. Bg2 O-O 14. Be3 Qa5
15. a3 Rad8 16. b4 Qc7 17. Qb3 Rd7 18. h3 Rfd8 19. Qa4 a6 20. Rfd1 Qb8 21. Bf3
Ne8 22. d5 cxd5 23. cxd5 e5 24. Bb6 Nc7 25. Rac1 Bd6 26. Rc2 Re7 27. Qb3 Rde8
28. a4 Na8 29. Bc5 Rd8 30. Qe3 Rde8 1/2-1/2

[Event "36th Teams Ch-GR"]
[Site "Kallithea Halkidiki"]
[Date "2008.07.09"]
[Round "6.10"]
[White "Tsiahtsiras, Georgios"]
[Black "Papageorgiou, Dimitrios"]
[Result "1-0"]
[WhiteElo "1770"]
[BlackElo "1855"]
[PlyCount "79"]
[EventDate "2008.07.06"]
[WhiteTeam "PANATHLITIKOS SF SYKEON"]
[BlackTeam "SO ILIOUPOLIS"]

1. d4 d5 2. c4 c6 3. Nf3 Nf6 4. e3 a6 5. Nc3 Bf5 6. Be2 e6 7. O-O Nbd7 8. b3
Bb4 9. Bb2 O-O 10. a3 Bxc3 11. Bxc3 Ne4 12. Bb2 b5 13. Rc1 Rc8 14. Ne5 Nxe5 15.
dxe5 Qb6 16. c5 Qd8 17. f3 Qg5 18. fxe4 Qxe3+ 19. Kh1 Bxe4 20. Bf3 Rfd8 21. b4
Ra8 22. Qe2 Qxe2 23. Bxe2 a5 24. Ra1 axb4 25. axb4 Ra4 26. Rxa4 bxa4 27. Ra1
Ra8 28. Bd1 a3 29. Rxa3 Rxa3 30. Bxa3 d4 31. Bf3 Bxf3 32. gxf3 Kf8 33. Kg2 g5
34. Bc1 h6 35. h4 gxh4 36. Bxh6+ Ke7 37. Bg5+ Kd7 38. Bxh4 Kc7 39. Kf2 Kb7 40.
Ke2 1-0

[Event "36th Teams Ch-GR"]
[Site "Kallithea Halkidiki"]
[Date "2008.07.10"]
[Round "7.1"]
[White "Papaioannou, Ioannis"]
[Black "Siebrecht, Sebastian"]
[Result "1-0"]
[WhiteElo "2591"]
[BlackElo "2453"]
[PlyCount "79"]
[EventDate "2008.07.06"]
[WhiteTeam "SO KAVALAS"]
[BlackTeam "SA THES/NIKIS O GALAXIAS"]

1. d4 d5 2. Nf3 Nf6 3. c4 c6 4. e3 Bg4 5. h3 Bxf3 6. Qxf3 e6 7. Bd3 Nbd7 8. O-O
Bd6 9. Nd2 O-O 10. e4 dxe4 11. Nxe4 Nxe4 12. Bxe4 Nf6 13. Bd3 Re8 14. Rd1 h6
15. Be3 Qe7 16. g3 Rad8 17. Rab1 e5 18. dxe5 Bxe5 19. b4 Qc7 20. Kg2 Rd7 21.
Bf5 Rxd1 22. Rxd1 b6 23. h4 Re7 24. a4 g6 25. Bh3 Kg7 26. Rd3 Ne8 27. h5 Nd6
28. hxg6 fxg6 29. c5 Nc4 30. Bc1 a5 31. Qg4 b5 32. bxa5 Nxa5 33. Qh4 g5 34. Qh5
Nb7 35. Bf5 Nxc5 36. Qg6+ Kf8 37. Ba3 Nxd3 38. Be6 Ne1+ 39. Kf1 Bg7 40. Qf7#
1-0

[Event "36th Teams Ch-GR"]
[Site "Kallithea Halkidiki"]
[Date "2008.07.10"]
[Round "7.1"]
[White "Georgiev, Krum"]
[Black "Halkias, Stelios"]
[Result "1/2-1/2"]
[WhiteElo "2446"]
[BlackElo "2579"]
[PlyCount "27"]
[EventDate "2008.07.06"]
[WhiteTeam "SA THES/NIKIS O GALAXIAS"]
[BlackTeam "SO KAVALAS"]

1. e4 c5 2. Nf3 Nc6 3. Bb5 d6 4. O-O Bd7 5. Re1 Nf6 6. h3 g6 7. c3 Ne5 8. Bxd7+
Nfxd7 9. Nxe5 dxe5 10. d3 Bg7 11. a4 O-O 12. Na3 Qc7 13. Be3 Rfd8 14. b4
1/2-1/2

[Event "36th Teams Ch-GR"]
[Site "Kallithea Halkidiki"]
[Date "2008.07.10"]
[Round "7.1"]
[White "Skembris, Spyridon"]
[Black "Vragoteris, Antonios"]
[Result "1/2-1/2"]
[WhiteElo "2415"]
[BlackElo "2290"]
[PlyCount "44"]
[EventDate "2008.07.06"]
[WhiteTeam "SO KAVALAS"]
[BlackTeam "SA THES/NIKIS O GALAXIAS"]

1. d4 f5 2. g3 Nf6 3. Bg2 g6 4. c4 Bg7 5. Nc3 O-O 6. Nh3 c6 7. O-O d6 8. d5 e5
9. dxe6 Bxe6 10. b3 Ne4 11. Nxe4 fxe4 12. Rb1 d5 13. Nf4 Bf7 14. Bb2 g5 15.
Bxg7 Kxg7 16. Nh3 Nd7 17. cxd5 cxd5 18. Rc1 Ne5 19. f3 g4 20. Nf4 gxf3 21. exf3
Qb6+ 22. Kh1 e3 1/2-1/2

[Event "36th Teams Ch-GR"]
[Site "Kallithea Halkidiki"]
[Date "2008.07.10"]
[Round "7.1"]
[White "Tsorbatzoglou, Theodoros"]
[Black "Pavlidis, Antonios"]
[Result "1/2-1/2"]
[WhiteElo "2252"]
[BlackElo "2266"]
[PlyCount "37"]
[EventDate "2008.07.06"]
[WhiteTeam "SA THES/NIKIS O GALAXIAS"]
[BlackTeam "SO KAVALAS"]

1. d4 Nf6 2. Nf3 c5 3. e3 cxd4 4. exd4 d5 5. c3 Nc6 6. Bd3 Bg4 7. Bg5 e6 8.
Nbd2 Be7 9. O-O O-O 10. Qc2 h6 11. Bh4 Nh5 12. Bxe7 Qxe7 13. h3 Bxf3 14. Nxf3
Nf4 15. Bb5 a6 16. Bxc6 bxc6 17. b4 a5 18. a3 Ra7 19. Kh2 1/2-1/2

[Event "36th Teams Ch-GR"]
[Site "Kallithea Halkidiki"]
[Date "2008.07.10"]
[Round "7.1"]
[White "Botsari, Anna-Maria"]
[Black "Baloutsou, Vasiliki"]
[Result "1-0"]
[WhiteElo "2321"]
[BlackElo "1990"]
[PlyCount "97"]
[EventDate "2008.07.06"]
[WhiteTeam "SO KAVALAS"]
[BlackTeam "SA THES/NIKIS O GALAXIAS"]

1. d4 d5 2. c4 e6 3. Nc3 Nf6 4. Bg5 Be7 5. e3 O-O 6. Nf3 c6 7. Qc2 Nbd7 8. Rd1
b6 9. cxd5 exd5 10. Bd3 h6 11. Bh4 Bb7 12. O-O Rc8 13. a3 c5 14. dxc5 Nxc5 15.
Bf5 Ne6 16. Qb3 g5 17. Bg3 Rc5 18. Nd4 Nxd4 19. Rxd4 Qa8 20. Rfd1 Rd8 21. Bb1
Nh5 22. Qc2 Nf6 23. f3 Kf8 24. h4 g4 25. Bf4 h5 26. Be5 Rc4 27. Qf5 Rxd4 28.
exd4 Ng8 29. Qxh5 gxf3 30. Rf1 Qc8 31. Qxf3 f6 32. Bh7 Qe6 33. Bxg8 Kxg8 34.
Bxf6 Bxf6 35. Qxf6 Qxf6 36. Rxf6 Kg7 37. Rf5 Kg6 38. Rg5+ Kf6 39. Kf2 Rd7 40.
Kf3 Rh7 41. g3 Rd7 42. Kf4 a6 43. h5 b5 44. g4 Ke6 45. Rg6+ Kf7 46. g5 Rc7 47.
Rd6 Re7 48. g6+ Kg7 49. Kg5 1-0

[Event "36th Teams Ch-GR"]
[Site "Kallithea Halkidiki"]
[Date "2008.07.10"]
[Round "7.1"]
[White "Hrisoglou, Sofia"]
[Black "Nemcova, Katerina"]
[Result "0-1"]
[WhiteElo "1564"]
[BlackElo "2372"]
[PlyCount "72"]
[EventDate "2008.07.06"]
[WhiteTeam "SA THES/NIKIS O GALAXIAS"]
[BlackTeam "SO KAVALAS"]

1. e4 c5 2. Nf3 e6 3. d4 cxd4 4. Nxd4 a6 5. Nc3 Qc7 6. Be2 Nf6 7. a3 Be7 8. O-O
d6 9. Be3 Nbd7 10. Qd2 b6 11. Rfd1 Bb7 12. f3 h6 13. Nb3 g5 14. Qd3 Rg8 15. Rf1
h5 16. Rf2 Rd8 17. Raf1 Nc5 18. Qd2 g4 19. Bd3 gxf3 20. Rxf3 Ncxe4 21. Nxe4
Nxe4 22. Qe2 Nc5 23. Nxc5 dxc5 24. Bxa6 Bxa6 25. Qxa6 Qc6 26. Qe2 f5 27. Bf4
Rd4 28. Re3 Kd7 29. Rd3 Bf6 30. Re3 Rg4 31. Be5 Bxe5 32. Rxe5 Qd6 33. Rf2 Rd1+
34. Rf1 Rd2 35. Qe3 Rgxg2+ 36. Kh1 Rxh2+ 0-1

[Event "36th Teams Ch-GR"]
[Site "Kallithea Halkidiki"]
[Date "2008.07.10"]
[Round "7.2"]
[White "Mastrovasilis, Dimitrios"]
[Black "Dimitrov, Atanas"]
[Result "1-0"]
[WhiteElo "2563"]
[BlackElo "2302"]
[PlyCount "89"]
[EventDate "2008.07.06"]
[WhiteTeam "ES THESSALONIKIS"]
[BlackTeam "OFS KAVALAS"]

1. e4 e5 2. Nf3 Nc6 3. Bb5 a6 4. Ba4 Nf6 5. O-O Be7 6. Re1 b5 7. Bb3 d6 8. c3
O-O 9. d4 Bg4 10. d5 Na5 11. Bc2 c6 12. dxc6 Qc7 13. Nbd2 Qxc6 14. Nf1 Nc4 15.
h3 Be6 16. Ng3 Rfe8 17. Qe2 Rac8 18. a4 d5 19. axb5 axb5 20. Ng5 dxe4 21. Nxe6
Qxe6 22. Nxe4 Nxe4 23. Qxe4 g6 24. Ra7 Bc5 25. Ra1 Qf6 26. Re2 Rcd8 27. Qg4 Ra8
28. Rb1 Bf8 29. Bg5 Qb6 30. Be4 Rac8 31. Bd5 Qc7 32. Rd1 Bg7 33. Qf3 Nb6 34.
Bb7 Rb8 35. Bc6 e4 36. Bxe4 b4 37. cxb4 Qc4 38. Rde1 Qxb4 39. Bd2 Qf8 40. Bf4
Rbc8 41. Qb3 Nd7 42. Qd1 Be5 43. Bxe5 Nxe5 44. Bd5 Qh6 45. Bxf7+ 1-0

[Event "36th Teams Ch-GR"]
[Site "Kallithea Halkidiki"]
[Date "2008.07.10"]
[Round "7.2"]
[White "Mastrovasilis, Athanasios"]
[Black "Fakhiridou, Ekaterini"]
[Result "1-0"]
[WhiteElo "2518"]
[BlackElo "2274"]
[PlyCount "105"]
[EventDate "2008.07.06"]
[WhiteTeam "ES THESSALONIKIS"]
[BlackTeam "OFS KAVALAS"]

1. d4 Nf6 2. c4 c5 3. d5 e5 4. Nc3 d6 5. e4 Be7 6. Nge2 O-O 7. Ng3 Ne8 8. h4 g6
9. h5 Bg5 10. Bd2 Qf6 11. Qc1 Bf4 12. Nge2 Bxd2+ 13. Qxd2 a6 14. g3 Nc7 15. a4
Bg4 16. Ng1 Re8 17. a5 Bf3 18. Rh4 Nd7 19. Qe3 Bxh5 20. f3 Qe7 21. O-O-O Reb8
22. Rh1 Nf6 23. Be2 b6 24. g4 bxa5 25. Nh3 Nce8 26. Rdg1 a4 27. gxh5 a3 28.
bxa3 Qb7 29. Kc2 Qb2+ 30. Kd3 Rb3 31. Qd2 Qxa3 32. hxg6 fxg6 33. Ra1 Qb4 34.
Rhb1 Ng7 35. Rxb3 Qxb3 36. Rb1 Qa3 37. Qb2 Qxb2 38. Rxb2 Ra7 39. Rb6 Nge8 40.
Bd1 h6 41. Ba4 Kf7 42. Ne2 Ke7 43. f4 exf4 44. Nhxf4 g5 45. e5 gxf4 46. exf6+
Nxf6 47. Nxf4 Ra8 48. Rb7+ Kf8 49. Ng6+ Kg8 50. Ke3 h5 51. Kf4 Ng4 52. Kg5 Ne3
53. Kxh5 1-0

[Event "36th Teams Ch-GR"]
[Site "Kallithea Halkidiki"]
[Date "2008.07.10"]
[Round "7.2"]
[White "Dorfanis, Ilarion"]
[Black "Zakarian, David"]
[Result "0-1"]
[WhiteElo "2177"]
[BlackElo "2346"]
[PlyCount "78"]
[EventDate "2008.07.06"]
[WhiteTeam "OFS KAVALAS"]
[BlackTeam "ES THESSALONIKIS"]

1. e4 c5 2. Nf3 Nc6 3. c3 d6 4. d4 Nf6 5. d5 Nb8 6. h3 g6 7. Bd3 Bg7 8. O-O O-O
9. Re1 e5 10. dxe6 Bxe6 11. e5 dxe5 12. Nxe5 Nbd7 13. Nf3 Re8 14. Na3 Qc7 15.
Nb5 Qb6 16. c4 a6 17. Nc3 Rad8 18. Qc2 Nb8 19. Ne5 Nfd7 20. Nf3 Nc6 21. Nd5
Bxd5 22. Rxe8+ Rxe8 23. cxd5 Nd4 24. Nxd4 Re1+ 25. Kh2 Bxd4 26. Qd2 Qd6+ 27. g3
Ne5 28. Be2 Bxf2 29. Kg2 Bxg3 30. Kxg3 Nd3+ 31. Kg2 Qxd5+ 32. Bf3 Qd4 33. Kg3
Rg1+ 34. Kh2 Rf1 35. Qg2 Rf2 36. Bh6 Nf4 37. Bxf4 Qxf4+ 38. Kh1 Rxf3 39. Rd1
Rf2 0-1

[Event "36th Teams Ch-GR"]
[Site "Kallithea Halkidiki"]
[Date "2008.07.10"]
[Round "7.3"]
[White "Darmarakis, Mihail"]
[Black "Nikolaidis, Ioannis"]
[Result "0-1"]
[WhiteElo "2184"]
[BlackElo "2516"]
[PlyCount "102"]
[EventDate "2008.07.06"]
[WhiteTeam "SA CHANION"]
[BlackTeam "AO KYDON CHANION"]

1. e4 c6 2. d4 d5 3. e5 Bf5 4. g4 Bd7 5. c4 e6 6. Nc3 h5 7. g5 Ne7 8. Nf3 Na6
9. a3 c5 10. Be3 Bc6 11. Bd3 dxc4 12. Bxc4 Nf5 13. d5 exd5 14. Bxd5 Qd7 15. Qb3
Nc7 16. O-O-O Nxd5 17. Nxd5 O-O-O 18. Nb6+ axb6 19. Rxd7 Rxd7 20. e6 Rd6 21.
Bf4 Rxe6 22. Rd1 Bxf3 23. Qxf3 Bd6 24. Bxd6 Nxd6 25. Qc3 Rg8 26. Qh3 Kc7 27.
Qxh5 Rge8 28. Qf3 Re4 29. h4 Rxh4 30. Rxd6 Rc4+ 31. Kb1 Kxd6 32. Qxf7 Re1+ 33.
Ka2 Rcc1 34. Kb3 Kc6 35. a4 Red1 36. Qg6+ Rd6 37. Qe4+ Kc7 38. Qe7+ Rd7 39.
Qe5+ Kc8 40. Qe8+ Rd8 41. Qe6+ Kb8 42. Qxb6 Rd4 43. Qe6 Rb4+ 44. Ka2 Rxa4+ 45.
Kb3 Rb4+ 46. Ka2 Ka7 47. g6 Rb6 48. Qe5 Ra6+ 49. Kb3 Rxg6 50. f4 Rb6+ 51. Ka2
Rc2 0-1

[Event "36th Teams Ch-GR"]
[Site "Kallithea Halkidiki"]
[Date "2008.07.10"]
[Round "7.3"]
[White "Souleidis, Georgios"]
[Black "Fragakis, Efstratios"]
[Result "1-0"]
[WhiteElo "2431"]
[BlackElo "2105"]
[PlyCount "77"]
[EventDate "2008.07.06"]
[WhiteTeam "AO KYDON CHANION"]
[BlackTeam "SA CHANION"]

1. e4 c5 2. Nf3 d6 3. d4 cxd4 4. Nxd4 Nf6 5. Nc3 g6 6. Be3 Bg7 7. f3 O-O 8. Qd2
Nc6 9. O-O-O d5 10. exd5 Nxd5 11. Nxc6 bxc6 12. Bd4 Nxc3 13. Qxc3 Bxd4 14. Rxd4
Qb6 15. Bc4 c5 16. Re4 e6 17. Rhe1 Re8 18. Qf6 Qd8 19. Qxd8 Rxd8 20. Re5 Bb7
21. Rxc5 Rac8 22. Rxc8 Rxc8 23. b3 h5 24. Re5 Rc7 25. Ra5 Ba8 26. Kd2 Kf8 27.
Bd3 Ke7 28. c4 Kd6 29. b4 f5 30. h4 Bc6 31. Kc3 e5 32. Ra6 Ke7 33. b5 Be8 34.
Kb4 Rd7 35. Kc3 Kd8 36. a4 Re7 37. c5 e4 38. fxe4 fxe4 39. Be2 1-0

[Event "36th Teams Ch-GR"]
[Site "Kallithea Halkidiki"]
[Date "2008.07.10"]
[Round "7.3"]
[White "Katzourakis, Pavlos"]
[Black "Zahariev, Zahari"]
[Result "1/2-1/2"]
[WhiteElo "2092"]
[BlackElo "2401"]
[PlyCount "147"]
[EventDate "2008.07.06"]
[WhiteTeam "SA CHANION"]
[BlackTeam "AO KYDON CHANION"]

1. e4 c5 2. Nf3 e6 3. d4 cxd4 4. Nxd4 a6 5. Bd3 Nf6 6. O-O Qc7 7. Qe2 d6 8. Nc3
Nbd7 9. a4 Be7 10. Kh1 b6 11. f4 Bb7 12. Be3 O-O 13. Rae1 Rfe8 14. Bg1 Nc5 15.
Rf3 Bf8 16. Rh3 g6 17. Nf3 Nxd3 18. cxd3 e5 19. f5 d5 20. Qf2 d4 21. Ne2 Bg7
22. Qh4 Qd8 23. Rf1 h6 24. fxg6 fxg6 25. Qg3 Nxe4 26. dxe4 Bxe4 27. Nd2 Bc2 28.
Qf2 Rf8 29. Rf3 Qd5 30. Qh4 Rxf3 31. Nxf3 Rf8 32. Nd2 Rxf1 33. Nxf1 Bxa4 34.
Nd2 Bc6 35. Qg4 Kh7 36. h4 e4 37. Qg3 e3 38. Nf3 Qe4 39. Nf4 Bd7 40. h5 Bf5 41.
hxg6+ Bxg6 42. Nh4 Bf7 43. Nf3 a5 44. Nh3 Qf5 45. Qd6 Bd5 46. Qf4 Qxf4 47. Nxf4
Bc4 48. Ne1 Be5 49. Nfd3 Bg3 50. Bh2 Bxe1 51. Nxe1 d3 52. Nxd3 Bxd3 53. Kg1 a4
54. Bf4 e2 55. Bd2 Bf5 56. Kf2 Bg4 57. Kg3 h5 58. Kf4 Kg6 59. g3 Kf6 60. Ke4
Ke6 61. Bc3 Kd6 62. Kd4 Kc6 63. Be1 Kb5 64. Bd2 Bf5 65. Be1 Bg6 66. Bd2 Bc2 67.
Be1 Kc6 68. Bb4 b5 69. Be1 Kd6 70. Ke3 Kd5 71. Kxe2 Kc4 72. Kd2 Be4 73. Kc1 Kb3
74. Bd2 1/2-1/2

[Event "36th Teams Ch-GR"]
[Site "Kallithea Halkidiki"]
[Date "2008.07.10"]
[Round "7.3"]
[White "Pavlidou, Ekaterini"]
[Black "Papadopoulou, Vera"]
[Result "1/2-1/2"]
[WhiteElo "2034"]
[BlackElo "2210"]
[PlyCount "77"]
[EventDate "2008.07.06"]
[WhiteTeam "AO KYDON CHANION"]
[BlackTeam "SA CHANION"]

1. d4 Nf6 2. c4 e6 3. Nc3 Bb4 4. Qc2 O-O 5. a3 Bxc3+ 6. Qxc3 Qe8 7. f3 d6 8. e4
Nfd7 9. Bd3 e5 10. d5 f5 11. Ne2 Nc5 12. Be3 fxe4 13. Bxe4 Nxe4 14. fxe4 Bg4
15. Qc2 Qg6 16. Nc3 Bh5 17. Rg1 Qg4 18. Kd2 Nd7 19. Rae1 Rf7 20. Kc1 Raf8 21.
Nd1 Bg6 22. Nf2 Qh4 23. Ref1 Qxh2 24. g4 Rxf2 25. Bxf2 Qf4+ 26. Kd1 Bxe4 27.
Qd2 Qf3+ 28. Kc1 Bd3 29. Rg3 Qxg3 30. Bxg3 Rxf1+ 31. Be1 Nc5 32. Qc3 e4 33. b4
Nd7 34. c5 dxc5 35. bxc5 h6 36. d6 cxd6 37. cxd6 Kh7 38. Kd1 Rf7 39. Qd4
1/2-1/2

[Event "36th Teams Ch-GR"]
[Site "Kallithea Halkidiki"]
[Date "2008.07.10"]
[Round "7.3"]
[White "Tsarouha, Marianthi"]
[Black "Ntiloudi, Despina"]
[Result "1/2-1/2"]
[WhiteElo "1710"]
[BlackElo "2039"]
[PlyCount "52"]
[EventDate "2008.07.06"]
[WhiteTeam "SA CHANION"]
[BlackTeam "AO KYDON CHANION"]

1. d4 Nf6 2. c4 c5 3. Nf3 cxd4 4. Nxd4 g6 5. Nc3 Bg7 6. e4 d6 7. Be3 Nc6 8. Be2
a6 9. f3 O-O 10. O-O Bd7 11. Rc1 Rc8 12. Qd2 Re8 13. Nd5 Ne5 14. Nb3 Nxd5 15.
cxd5 b5 16. Na5 Rxc1 17. Rxc1 Qa8 18. h3 f5 19. f4 Nf7 20. Rc7 Rd8 21. Ra7 Qc8
22. Bb6 fxe4 23. Rc7 Qb8 24. Rb7 Qc8 25. Rc7 Qb8 26. Rb7 Qc8 1/2-1/2

[Event "36th Teams Ch-GR"]
[Site "Kallithea Halkidiki"]
[Date "2008.07.10"]
[Round "7.4"]
[White "Prentos, Konstantinos"]
[Black "Papadopoulos, Nikolaos"]
[Result "1-0"]
[WhiteElo "2271"]
[BlackElo "2109"]
[PlyCount "109"]
[EventDate "2008.07.06"]
[WhiteTeam "ES KALAMARIAS"]
[BlackTeam "FO N. HERAKLIOU ATTIKIS"]

1. e4 c5 2. Nf3 a6 3. c4 d6 4. d4 cxd4 5. Nxd4 Nf6 6. Nc3 g6 7. Be2 Bg7 8. O-O
O-O 9. Be3 Nc6 10. Qd2 Bd7 11. Rfd1 Qa5 12. Nb3 Qb4 13. Qc2 Na5 14. Nd2 Nc6 15.
a3 Qa5 16. Nb3 Qc7 17. Nd5 Qd8 18. Nb6 Rb8 19. c5 Be6 20. f3 Qc7 21. cxd6 exd6
22. Rac1 Qe7 23. Nd4 Bd7 24. Nxd7 Nxd7 25. Nxc6 bxc6 26. b4 a5 27. Qxc6 axb4
28. axb4 Rxb4 29. Qxd6 Qxd6 30. Rxd6 Ne5 31. Rc5 Ra8 32. Rdd5 Rb1+ 33. Kf2 Rb2
34. Rxe5 Bxe5 35. Rxe5 f6 36. Rb5 Rc2 37. Rc5 Raa2 38. Rxc2 Rxc2 39. Bd4 Kf7
40. Ke3 Ke6 41. f4 Rc6 42. Bd1 Ke7 43. Bb3 Rc8 44. Kd3 Rc1 45. h3 h6 46. Be3
Rc7 47. Bd5 Rc8 48. Bd2 Rb8 49. Bc1 Kd7 50. Ba3 Re8 51. Bc5 Rb8 52. e5 fxe5 53.
fxe5 Rc8 54. e6+ Ke8 55. Kd4 1-0

[Event "36th Teams Ch-GR"]
[Site "Kallithea Halkidiki"]
[Date "2008.07.10"]
[Round "7.4"]
[White "Papadimitriou, Athanasios"]
[Black "Dalaklis, Georgios"]
[Result "0-1"]
[WhiteElo "2064"]
[BlackElo "2186"]
[PlyCount "52"]
[EventDate "2008.07.06"]
[WhiteTeam "FO N. HERAKLIOU ATTIKIS"]
[BlackTeam "ES KALAMARIAS"]

1. Nf3 d6 2. g3 e5 3. Bg2 f5 4. O-O Nf6 5. c4 Be7 6. Nc3 O-O 7. d3 Qe8 8. b4
Qh5 9. Qb3 Kh8 10. c5 dxc5 11. bxc5 Nc6 12. Nd5 Nxd5 13. Qxd5 Rd8 14. Qc4 e4
15. Ne1 Qxe2 16. Be3 Bf6 17. Rb1 Ne5 18. Qb3 exd3 19. Bf4 Be6 20. Qxb7 d2 21.
Bxe5 Bxe5 22. Nf3 Bd5 23. Nd4 Qxf1+ 24. Rxf1 Bxb7 25. Bxb7 Rxd4 26. Bxa8 d1=Q
0-1